书目信息 |
| 题名: |
种庄稼的科学与技术
|
|
| 作者: | 李东辉 编著 | |
| 分册: | ||
| 出版信息: | 石家庄 河北人民出版社 1965 |
|
| 页数: | 80页 | |
| 开本: | 20cm | |
| 丛书名: | ||
| 单 册: | ||
| 中图分类: | S515 | |
| 科图分类: | ||
| 主题词: | 禾谷类作物 | |
| 电子资源: | ||
| ISBN: | ||
| 000 | 00603nam0 2200217 450 | |
| 001 | 0629985499 | |
| 005 | 20060810082115.46 | |
| 010 | @dCNY0.20 | |
| 091 | @aT16086.247 | |
| 100 | @a20060810d1965 km y0chiy0120 ea | |
| 101 | 0 | @achi |
| 102 | @aCN@b130000 | |
| 200 | 1 | @a种庄稼的科学与技术@Azhong zhuang jia de ke xue yu ji shu@e谷子@f李东辉 编著@Fli dong hui bian zhu |
| 210 | @a石家庄@c河北人民出版社@d1965 | |
| 215 | @a80页@d20cm | |
| 517 | 1 | @a谷子@Agu zi |
| 606 | 0 | @a禾谷类作物 |
| 690 | @aS515@v3 | |
| 701 | 0 | @a李东辉@Ali dong hui@4编著 |
| 801 | 0 | @aCN@bPFT@c20060810 |
| 905 | @a10447@dS515@e27 | |
| 种庄稼的科学与技术:谷子/李东辉 编著.-石家庄:河北人民出版社,1965 |
| 80页;20cm |
| ISBN :CNY0.20 |
| ● |
| 相关链接 |
|
|
|
|
正题名:种庄稼的科学与技术
索取号:S515/27
 
预约/预借
| 序号 | 登录号 | 条形码 | 馆藏地/架位号 | 状态 | 备注 |
| 1 | 0452034 | 204520349 | 密集书库/ [索取号:S515/27] | 在馆 |